Les départements commençant par M - Statistiques

Statistiques générales
  • Ce quiz a été pris 115 fois
  • Le résultat moyen est 8 sur 10
Statistiques - réponses
Numéro Réponse % Correct
972 Martinique
88%
57 Moselle
85%
976 Mayotte
83%
54 Meurthe-et-Moselle
83%
51 Marne
82%
49 Maine-et-Loire
81%
56 Morbihan
79%
55 Meuse
75%
53 Mayenne
71%
50 Manche
70%
Aucun quiz correspondant
Distribution des résultats
% des personnes avec chaque résultat
Percentile par nombre de réponses
Votre historique - résultats
Vous n’avez pas pris ce quiz